| 000 | 01466nam a2200205 a 4500 | ||
|---|---|---|---|
| 003 | PILC | ||
| 005 | 20241119140949.0 | ||
| 008 | 070222s1995 xx 00 eng d | ||
| 010 | _a27815,29333 | ||
| 020 | _a0912552956 | ||
| 040 | _cPhilippine Baptist Theological Seminary | ||
| 050 |
_aBV 2805 _bS22 1995 |
||
| 100 | 1 | 0 | _aLinthicum, Robert, ed. |
| 245 | 1 | 0 |
_aSigns of hope in the city / _cRobert Linthicum, editor. |
| 260 | 0 |
_aMonrovia, CA : _bMARC, _cc1995. |
|
| 300 | _a88 p. ; 22 cm. | ||
| 505 | _aA time to talk: the Ruschlikon movement Theologies of urban mission Tomorrow is our permanent address: toward a trinitarian theology for the city -- The impact of feminist theology on urban mission -- Remnant theology as the base for urban ministry -- A theology of urban mission: an Orthodox perspective -- History and context The challenge of today's urban world -- Historical reflections on urban ministry in America -- The history of the city missions movement -- History of urban training centers -- Urban missiology A new way of being church -- organizing for community -- National urban ministries network -- Urban mission among the poor: n incarnational approach -- Urban ministry in the Coptic Orthodox church -- A missionary Parish at the edge of the largest city of the world -- Urban development project -- What the first world church can learn from third world urban Christians -- | ||
| 650 | _aCITY MISSIONS | ||
| 942 |
_cCB _2lcc |
||
| 999 |
_c11486 _d11486 |
||